| 000 | 00544nam a2200181Ia 4500 | ||
|---|---|---|---|
| 008 | 191130s2010##################000#0#eng## | ||
| 020 | _a9788177228991 | ||
| 040 |
_aACL _cACL |
||
| 082 | _a720.0285 TIC | ||
| 100 | _aTickoo, Sham | ||
| 245 |
_aAutodesk revit architecture 2008 : for architects and building designers _cSham Tickoo |
||
| 260 |
_aNew Delhi _bDreamtech Press _c2010 |
||
| 300 | _a1 v. (various pagings) : col. ill | ||
| 650 | _aAutodesk | ||
| 990 | _a5e04b637ac10000c2652363c495f3c86 | ||
| 991 | _a303638 | ||
| 999 |
_c376081 _d376081 |
||